Aerosol-assisted chemical vapour deposition of silver films from adducts of functionalised silver carboxylates /
Guardat en:
| Altres autors: | , , , |
|---|---|
| Format: | Article |
| Idioma: | English |
| Matèries: | |
| Etiquetes: |
Afegir etiqueta
Sense etiquetes, Sigues el primer a etiquetar aquest registre!
|
| Thư viện lưu trữ: | Thư viện Trường Đại học Đà Lạt |
|---|
| LEADER | 01052nam a2200337 4500 | ||
|---|---|---|---|
| 001 | DLU090095334 | ||
| 005 | ##20091201 | ||
| 040 | # | # | |a DLU |b eng |
| 041 | # | # | |a eng |
| 044 | # | # | |a us |
| 245 | # | # | |a Aerosol-assisted chemical vapour deposition of silver films from adducts of functionalised silver carboxylates / |c Dennis A. Edwards ... [et al.]. |
| 653 | # | # | |a Carboxylates |
| 653 | # | # | |a Characterization |
| 653 | # | # | |a Crystal structure |
| 653 | # | # | |a Inorganic compounds |
| 653 | # | # | |a Transition element complexes |
| 653 | # | # | |a Transition elements |
| 700 | # | # | |a Edwards, Dennis A. |
| 700 | # | # | |a Mahon, Mary F. |
| 700 | # | # | |a Molloy, Kieran C. |
| 700 | # | # | |a Ogrodnik. Virginie. |
| 773 | # | # | |t Journal of Materials Chemistry |g Vol. 13, no. 3 (2003), p. 563-570 |
| 920 | # | # | |a Phòng Tạp chí -- Trung tâm Thông tin - Thư viện Trường Đại học Đà Lạt |
| 994 | # | # | |a DLU |
| 900 | # | # | |a True |
| 911 | # | # | |a Trương Bảo Trâm Anh |
| 925 | # | # | |a G |
| 926 | # | # | |a A |
| 927 | # | # | |a BB |
| 980 | # | # | |a Thư viện Trường Đại học Đà Lạt |